BaÌ£n biêÌt giÌ€ vêÌ€ sưÌc khỏe sinh sản vaÌ€ tiÌ€nh duÌ£c
Cung câÌp những kiêÌn thưÌc căn bản vêÌ€ giaÌo duÌ£c sưÌc khỏe giơÌi tiÌnh, sưÌc khỏe tiÌ€nh duÌ£c vaÌ€ sưÌc khỏe sinh sản cho đôÌi tươÌ£ng tuổi trẻ: những biểu hiêÌ£n bêÌ£nh thông thươÌ€ng, những vâÌn đêÌ€ chun...
Na minha lista:
| Autor principal: | |
|---|---|
| Formato: | Livro |
| Idioma: | Undetermined |
| Publicado em: |
H.
Văn hoÌa thông tin
2006
|
| Assuntos: | |
| Acesso em linha: | http://lrc.tdmu.edu.vn/opac/search/detail.asp?aID=2&ID=6741 |
| Tags: |
Adicionar Tag
Sem tags, seja o primeiro a adicionar uma tag!
|
| Thư viện lưu trữ: | Trung tâm Học liệu Trường Đại học Thủ Dầu Một |
|---|
| LEADER | 01392nam a2200205Ia 4500 | ||
|---|---|---|---|
| 001 | TDMU_6741 | ||
| 008 | 210410s9999 xx 000 0 und d | ||
| 082 | |a 613.907 1 | ||
| 090 | |b Đ112 | ||
| 100 | |a ĐaÌ€o, Xuân Dũng | ||
| 245 | 0 | |a BaÌ£n biêÌt giÌ€ vêÌ€ sưÌc khỏe sinh sản vaÌ€ tiÌ€nh duÌ£c | |
| 245 | 0 | |c BaÌc sĩ BuÌ€i Xuân Dũng | |
| 260 | |a H. | ||
| 260 | |b Văn hoÌa thông tin | ||
| 260 | |c 2006 | ||
| 300 | |a 408tr. | ||
| 520 | |a Cung câÌp những kiêÌn thưÌc căn bản vêÌ€ giaÌo duÌ£c sưÌc khỏe giơÌi tiÌnh, sưÌc khỏe tiÌ€nh duÌ£c vaÌ€ sưÌc khỏe sinh sản cho đôÌi tươÌ£ng tuổi trẻ: những biểu hiêÌ£n bêÌ£nh thông thươÌ€ng, những vâÌn đêÌ€ chung vêÌ€ sưÌc khỏe dinh sản vaÌ€ tiÌ€nh duÌ£c vaÌ€ caÌch phoÌ€ng bêÌ£nh, chữa bêÌ£nh. | ||
| 650 | |a GiaÌo duÌ£c gia điÌ€nh; GiaÌo duÌ£c; SưÌc khỏe; SưÌc khỏe sinh sản; SưÌc khỏe tiÌ€nh duÌ£c | ||
| 856 | |u http://lrc.tdmu.edu.vn/opac/search/detail.asp?aID=2&ID=6741 | ||
| 980 | |a Trung tâm Học liệu Trường Đại học Thủ Dầu Một | ||